TEXT BOOK OF GYNECOLOGY (Record no. 29072)
[ view plain ]
| 000 -LEADER | |
|---|---|
| fixed length control field | 00363nam a22001697a 4500 |
| 003 - CONTROL NUMBER IDENTIFIER | |
| control field | SGT |
| 020 ## - INTERNATIONAL STANDARD BOOK NUMBER | |
| International Standard Book Number | 9789356968554 |
| 082 ## - DEWEY DECIMAL CLASSIFICATION NUMBER | |
| Classification number | 618.1 |
| Item number | G24K |
| 100 ## - MAIN ENTRY--PERSONAL NAME | |
| Personal name | KONAR, HIRALAL |
| 245 ## - TITLE STATEMENT | |
| Title | TEXT BOOK OF GYNECOLOGY |
| 250 ## - EDITION STATEMENT | |
| Edition statement | 9TH |
| 260 ## - PUBLICATION, DISTRIBUTION, ETC. (IMPRINT) | |
| Place of publication, distribution, etc | NEW DELHI |
| Name of publisher, distributor, etc | JAYPEE PUB. |
| Year of Publication | 2024 |
| 300 ## - PAGE DESCRIPTION | |
| No. of Pages | 660 |
| 650 ## - SUBJECT ADDED ENTRY--TOPICAL TERM | |
| Topical term or geographic name as entry element | GYNECOLOGY |
| 653 ## - KEYWORDS--INDEX TERM | |
| Keyword term | GYNECOLOGY |
| 942 ## - ADDED ENTRY ELEMENTS (KOHA) | |
| Source of classification or shelving scheme | Dewey Decimal Classification |
| Koha item type | Books |
| Withdrawn status | Lost status | Source of classification or shelving scheme | Damaged status | Use restrictions | Not for loan | Collection code | Home library | Current library | Shelving location | Date acquired | Vendor Name | Cost, normal purchase price | SGTU | Bill Number | Full call number | Accession No. (Barcode) | Date last seen | Bill Date | Koha item type |
|---|---|---|---|---|---|---|---|---|---|---|---|---|---|---|---|---|---|---|---|
| Dewey Decimal Classification | Restricted Access | AYURVEDA | SGT FA-FP Library | SGT FA-FP Library | Text Book | 16/01/2025 | AHUJA PUB. | 1295.00 | SGTU | 19920 | 618.1 G24K | FA12541 | 16/01/2025 | 21/11/2024 | Books | ||||
| Dewey Decimal Classification | Restricted Access | AYURVEDA | SGT FA-FP Library | SGT FA-FP Library | Text Book | 16/01/2025 | AHUJA PUB. | 1295.00 | SGTU | 19920 | 618.1 G24K | FA12542 | 21/08/2025 | 21/11/2024 | Books | ||||
| Dewey Decimal Classification | Restricted Access | AYURVEDA | SGT FA-FP Library | SGT FA-FP Library | Text Book | 16/01/2025 | AHUJA PUB. | 1295.00 | SGTU | 19920 | 618.1 G24K | FA12543 | 16/01/2025 | 21/11/2024 | Books | ||||
| Dewey Decimal Classification | Restricted Access | AYURVEDA | SGT FA-FP Library | SGT FA-FP Library | Text Book | 16/01/2025 | AHUJA PUB. | 1295.00 | SGTU | 19920 | 618.1 G24K | FA12544 | 16/01/2025 | 21/11/2024 | Books | ||||
| Dewey Decimal Classification | Restricted Access | AYURVEDA | SGT FA-FP Library | SGT FA-FP Library | Text Book | 16/01/2025 | AHUJA PUB. | 1295.00 | SGTU | 19920 | 618.1 G24K | FA12545 | 01/05/2025 | 21/11/2024 | Books |